000 00699nam a22002057a 4500
005 20130613144024.0
008 120402t xxu||||| |||| 00| 0 eng d
010 _aENG-104932
020 _a9780198074069
_c2950.00
035 _aEN-88465
037 _bDBAD/PUB
040 _aDPL
_bEng
082 _a305.891411
245 _aWriting India :
_cedited and introduced by Mushirul Hasan
_bcolonial ethnography in the nineteenth century /
260 _aNew Delhi
_bOxford University Press
_c2012
270 _aYMCA Library Building, 1 Jai Singh Road
_bNew Delhi
_e110001
300 _axviii,446p.
_c28cm(Hb)
700 _aMushirul Hasan
_944660
942 _2ddc
_cEN
_mWRI
_h305.891411
999 _c64597
_d64597